000 00279nam a2200121Ia 4500
008 191201s2014 xx 000 0 und d
100 _aGOULD, John P
245 0 _aMicroeconomic Theory
260 _aN. Delhi
_bA.I.T.B.S
_c2014
300 _a640
650 _aBBA
942 _2ddc
_cBK
999 _c6308
_d6308